[Event "International Championship of Central S"]
[Site "Paracin, hotel "]
[Date "2016.07.07"]
[Round "1.53"]
[White "Popovic, Aleksandar M"]
[Black "Sensay, Emin"]
[Result "1-0"]
[WhiteElo "2256"]
[BlackElo "1881"]
[PlyCount "71"]
[EventDate "2016.07.07"]

1. Nf3 Nf6 2. g3 g6 3. b3 Bg7 4. Bb2 O-O 5. Bg2 c5 6. O-O Nc6 7. c4 d6 8. d4
cxd4 9. Nxd4 Bd7 10. Nc3 Qb6 11. e3 Rac8 12. Qe2 a6 13. Rfd1 Bg4 14. f3 Bd7 15.
Rac1 Rfd8 16. Nxc6 Bxc6 17. g4 Qa5 18. a3 Qg5 19. Qf2 h5 20. h4 Qa5 21. g5 Nd7
22. Bh3 Rc7 23. Nd5 Bxd5 24. Rxd5 Qb6 25. Bxg7 Kxg7 26. b4 Qc6 27. f4 b5 28.
Bg2 bxc4 29. Re5 Qb6 30. Rxe7 Nb8 31. Qb2+ Kg8 32. Rxc7 Qxc7 33. Bd5 Qd7 34.
Qg2 Qa4 35. Qe4 c3 36. Qxg6+ 1-0

[Event "International Championship of Central S"]
[Site "Paracin, hotel "]
[Date "2016.07.07"]
[Round "1.54"]
[White "Ilic, Ilija"]
[Black "Topalov, Aleksandar"]
[Result "0-1"]
[WhiteElo "1866"]
[BlackElo "2250"]
[PlyCount "76"]
[EventDate "2016.07.07"]

1. d4 Nf6 2. Nc3 d5 3. Bf4 Bf5 4. f3 c6 5. Qd2 Nbd7 6. e3 h6 7. g4 Bg6 8. h4 h5
9. g5 Ng8 10. e4 e6 11. Nh3 Bb4 12. Nf2 Ne7 13. a3 Ba5 14. b4 Bc7 15. Nd3 O-O
16. Qh2 Bxf4 17. Nxf4 e5 18. Nxg6 Nxg6 19. O-O-O a5 20. b5 Qe7 21. Kb2 Nb6 22.
Qf2 exd4 23. Qxd4 c5 24. Qf2 d4 25. Nb1 Qe5 26. Qh2 Nf4 27. Qd2 g6 28. Kc1 Rfd8
29. c3 d3 30. Qa2 a4 31. Kb2 Ra5 32. Rh2 Rxb5+ 33. Kc1 c4 34. Rb2 Rb3 35. Rxb3
axb3 36. Qf2 Na4 37. Rd2 b6 38. Qe3 Nc5 0-1

[Event "International Championship of Central S"]
[Site "Paracin, hotel "]
[Date "2016.07.07"]
[Round "1.55"]
[White "Ozturk, Kubra"]
[Black "Erece, Ece Alkim"]
[Result "1-0"]
[WhiteElo "2249"]
[BlackElo "1775"]
[PlyCount "69"]
[EventDate "2016.07.07"]

1. d4 Nf6 2. c4 c5 3. d5 e6 4. Nc3 exd5 5. cxd5 d6 6. g3 g6 7. Bg2 Bg7 8. Nf3
O-O 9. O-O a6 10. e4 Bg4 11. a4 Bxf3 12. Bxf3 Re8 13. Bf4 Qc7 14. Bg2 Nbd7 15.
Rc1 Nh5 16. Be3 Ne5 17. b3 Qa5 18. f4 Ng4 19. Qxg4 Bxc3 20. Qd1 Bg7 21. e5 dxe5
22. Rxc5 Qb4 23. Rc4 Qd6 24. Bc5 Qd7 25. a5 exf4 26. g4 Nf6 27. Rcxf4 Rec8 28.
b4 Ne8 29. Rxf7 Qxf7 30. Rxf7 Kxf7 31. d6 Nf6 32. Qb3+ Kf8 33. Bxb7 Rab8 34.
Bxc8 Rxc8 35. d7+ 1-0